000 01210cam a2200289 4500
008 011017n2001 000 0 eng u
020 _a1853287318
035 _a(Sirsi) u115158
050 _a346.410438
110 _aLaw Society of England and Wales
_91639
245 2 _aA guide to the national conveyancing protocol : TransAction 2001
250 _a4th ed.
260 _aLondon
_bLaw Society
_c2001
300 _aviii,66p.
_c22cm.
350 _a14.99
520 _aA new edition of this concise reference guide to using the National Conveyancing Protocol, designed to accelerate the process of collection information for buyers. Includes revised editions of the "Seller's property information form" (Prop 1), the "Sellers leasehold information form" (Prop 4), the "Fixtures, fittings and contents form" (Prop 6) and the "Completion information and requisitions on title form" (Prop. 7).
650 _aBUYERS SURVEYS
650 _aCONTENTS
650 _aCONVEYANCING
650 _aFITTINGS
650 _aFIXTURES
650 _aPROPERTY-LEASEHOLD PROPERTY
650 _aNATIONAL CONVEYANCING PROTOCOL
650 _aSELLERS PROPERTY INFORMATION FORM
690 _aPROPERTY
942 _n0
999 _c101719
_d101719